Mechanical, physical and durability properties of heat treated-rubberwood using steam (Record no. 62741)

MARC details
000 -LEADER
fixed length control field 00610nam a2200145Ia 4500
100 ## - MAIN ENTRY--AUTHOR NAME
Personal name Li Jianing
245 #0 - TITLE STATEMENT
Title Mechanical, physical and durability properties of heat treated-rubberwood using steam
260 ## - PUBLICATION, DISTRIBUTION, ETC. (IMPRINT)
Name of publisher Climate Change, Low Carbon Economy and Sustainable Natural Rubber Industry: Preprints of Proceedings of IRRDB International Rubber Conference 2010, 18-19 October 2010 Sanya, Hainan, China, pp. 802-809.
650 ## - SUBJECT ADDED ENTRY--TOPICAL TERM
Topical Term Decay resistance
650 ## - SUBJECT ADDED ENTRY--TOPICAL TERM
Topical Term Dimentional stability
650 ## - SUBJECT ADDED ENTRY--TOPICAL TERM
Topical Term Heat treatment
650 ## - SUBJECT ADDED ENTRY--TOPICAL TERM
Topical Term Rubberwood
942 ## - ADDED ENTRY ELEMENTS (KOHA)
Koha item type Journals
Holdings
Withdrawn status Lost status Damaged status Not for loan Home library Current library Shelving location Date acquired Koha item type
      Journals RRII Library RRII Library Rubber wood 17/08/2012 Journals